000 00297nam a22001337a 4500
008 181102b xxu||||| |||| 00| 0 eng d
020 _a0253362075
041 _aeng
080 _a610
100 _a4
101 _aSHM
245 _aThe Patient-Physician Relation
_cVeatch,R.M
942 _2udc
_cBK
999 _c51604
_d51604